000 005040000a22001690004500
041 0 _aSPA
082 0 4 _aG 262 H6886e
100 1 _aHodges, Melvin L.
245 1 0 _aEdificaré mi iglesia : Método bíblico de la propagación, el gobierno y el sosten de la iglesia / Melvin L. Hodges
260 _aSprinfield, Missouri, USA : Vida
300 _a107 Pag
001 7008
942 _cBK
999 _c37246
_d37246
336 _atexto
_btxt
_2rdacontent
337 _2rdamedia
_asin mediación
_bn
338 _2rdacarrier
_avolumen
_bnc